000 00500 a2200181 4500
001 066353
003 OSt
005 20210927135427.0
008
082 _a519.503
_bP19E
100 1 _aPandey, Rakesh Kumar
245 1 _aEncyclopaedia of statistical theory
_cby Rakesh Kumar Pandey
260 _aNew Delhi
_bAnmol Publications
_c2009
300 _a2v.(v.1:276; v.2:274p.)
500 _a639 v.1; 640 v.2
690 _aMathematical statistics
942 _2ddc
_cBK
999 _c421
_d421